000 00778nam a2200205 a 4500
008 111207s2001 ||||||||||||||||| || u
020 _a0916589730
050 _aRC 71 Dia
100 _aMichota, Franklin A
245 1 0 _aDiagnostic procedures handbook: including key word index.-- 2nd ed.
_cFranklin A. Michota, editor
250 _a2nd ed.
260 _aHudson, Cleveland
_bLexi-Comp
_c2001
300 _a995p.: ill.
350 _a0.00
490 _aLexi-Comp's clinical reference library
650 _aNURSING--HANDBOOKS, MANUALS, ETC
650 _aDIAGNOSIS--HANDBOOKS, MANUALS, ETC
650 _aDIAGNOSIS
995 _aREFERENCE BOOKS
_D0.00
_e900235
_FCBU-SCHOOL OF MEDICINE LIBRARY (Ndola)
_H1
_I0.00
_jRC 71 DIA
_M1
_UREFERENCE
_WDec 7, 2011
_y900235
_ZReference Collection
999 _c31265
_d31265